| 000 -ლიდერი |
| ფიქსირებული სიგრძის საკონტროლო ველი |
01492nam a22002417a 4500 |
| 003 - საკონტროლო ნომრის იდენტიფიკატორი |
| საკონტროლო ველი |
Ge_BSU |
| 005 - ბოლო ოპერაციის თარიღი და დრო |
| საკონტროლო ველი |
20220622111817.0 |
| 008 - ფიქსირებული სიგრძის მონაცემთა ელემენტები - ზოგადი ინფორმაცია |
| ფიქსირებული სიგრძის საკონტროლო ველი |
220621s2019 ge ||||| |||| 00| 0 geo d |
| 020 ## - წიგნის საერთაშორისო სტანდარტული ნომერი |
| International Standard Book Number |
9789941814341 |
| 041 ## - ენის კოდი |
| Language code of text/sound track or separate title |
geo |
| 080 ## - უნივერსალური ათობითი კლასიფიკაციის ინდექსი |
| Universal Decimal Classification number |
615(075.8) ფ-26 |
| 245 ## - ცნობა სათაურის შესახებ |
| Title |
ფარმაცევტული ზრუნვა : ფარმაცევტის პროფესიული საქმიანობის ძირითადი მიმართულება : |
| Remainder of title |
სახელმძღვანელო / |
| Statement of responsibility, etc |
თამაზ ჭუმბურიძე, ნინო ნემსიწვერიძე, დიანა შუბითიძე, ნათია კვიჟინაძე, ეკა ფრუიძე ; რედაქტორი ვაჟა ერიაშვილი. |
| 264 ## - წარმოების, გამოცემის, დისტრიბუციის და სხვა ცნობები |
| გამოცემის, წარმოების, დისტრიბუციის... ადგილი |
თბილისი, |
| გამოცემის, წარმოების, დისტრიბუციის... თარიღი |
2019. |
| 300 ## - ფიზიკური აღწერა |
| Extent |
119 გვ. : |
| Other physical details |
ილ. ; |
| Dimensions |
28 სმ. |
| 504 ## - BIBLIOGRAPHY, ETC. NOTE |
| Bibliography, etc |
ბიბლიოგრაფია: გვ.116. |
| 653 ## - INDEX TERM--UNCONTROLLED |
| Uncontrolled term |
ფარმაკოლოგია |
| 700 ## - ADDED ENTRY--PERSONAL NAME |
| Personal name |
ჭუმბურიძე, თამაზ |
| Relator term |
ავტორი |
| 9 (RLIN) |
11256 |
| 700 ## - ADDED ENTRY--PERSONAL NAME |
| Personal name |
ნემსიწვერიძე, ნინო |
| Relator term |
ავტორი. |
| 9 (RLIN) |
14184 |
| 700 ## - ADDED ENTRY--PERSONAL NAME |
| Personal name |
კვიჟინაძე, ნათია |
| Relator term |
ავტორი |
| 9 (RLIN) |
14185 |
| 700 ## - ADDED ENTRY--PERSONAL NAME |
| Personal name |
ფრუიძე, ეკა |
| Relator term |
ავტორი |
| 9 (RLIN) |
14186 |
| 700 ## - ADDED ENTRY--PERSONAL NAME |
| Personal name |
ერიაშვილი, ვაჟა |
| Relator term |
რედაქტორი |
| 9 (RLIN) |
14187 |
| 942 ## - ADDED ENTRY ELEMENTS (KOHA) |
| Source of classification or shelving scheme |
|
| Koha item type |
წიგნი |